00429nam a2200121Ia 4500008004100000024005600041082001700097100007400114245003900188260002500227600002200252650003300274250506s9999 xx 000 0 und d a13B-042-EL, 13B-064-EL, 13B-074-EL & 13B-075-EL a621.3072 MUH aMuhammad Yawar Arshad, Subayyal Bin Sabir, Asim Sheikh & Sameed Ahmed 0a1KW Transformerless Solar Inverter aKarachi:bUIT,c2013 aPower Engineering aBachelor of Engineering (BE)